Land and marine surveying in reference to the preparation of plans for roads and railways (Record no. 114044)

MARC details
000 -LEADER
fixed length control field 00729cam a22001815a 4500
001 - CONTROL NUMBER
control field L156118
008 - FIXED-LENGTH DATA ELEMENTS--GENERAL INFORMATION
fixed length control field 120430s1868 xxk f 000 0 eng d
035 ## - SYSTEM CONTROL NUMBER
System control number (Sirsi) u156118
041 0# - LANGUAGE CODE
Language code of text/sound track or separate title eng
100 1# - MAIN ENTRY--PERSONAL NAME
Personal name Haskoll, W. Davis
Fuller form of name (William Davis)
245 00 - TITLE STATEMENT
Title Land and marine surveying in reference to the preparation of plans for roads and railways
Remainder of title canals, rivers, towns' water supplies; docks and harbours; with description and use of surveying instruments
260 ## - PUBLICATION, DISTRIBUTION, ETC.
Place of publication, distribution, etc. London
Name of publisher, distributor, etc. Lockwood & Co
Date of publication, distribution, etc. 1868
300 ## - PHYSICAL DESCRIPTION
Extent viii, 184 p.
Other physical details illus., 13 (i.e. 14) fold. pl., diagrs
Dimensions 23 cm.
583 ## - ACTION NOTE
Action Condition reviewed
Time/date of action 20120620
Status condition level 4 and 4
651 #4 - SUBJECT ADDED ENTRY--GEOGRAPHIC NAME
Geographic name Great Britain
Chronological subdivision 1707-
690 ## - LOCAL SUBJECT ADDED ENTRY--TOPICAL TERM (OCLC, RLIN)
Topical term or geographic name as entry element Measurement
9 (RLIN) 6256
942 ## - ADDED ENTRY ELEMENTS (KOHA)
Suppress in OPAC 0
Holdings
Withdrawn status Lost status Source of classification or shelving scheme Damaged status Not for loan Home library Current library Shelving location Date acquired Total Checkouts Full call number Barcode Date last seen Copy number Price effective from Koha item type
    Dewey Decimal Classification     Historic collection Historic collection Historic collection 25/07/2012   QUARTO 1868 HASKOLL 30077982 06/08/2019 2 06/08/2019 Book